000
00251nam a22001097a 4500
082
_a
823
_b
VIA/D
100
_a
VIACOM INTERNATIONAL
245
_a
DORA THE EXPLORER, GRANDMA'S HOUE
260
_b
VIACOM INTERNATIONAL
_c
2013
300
_b
2 CDS
942
_c
BK
999
_c
7404
_d
7404